000 00384nam a2200169Ia 4500
001 5859
003 IN-NITTTR
005 20251114233013.0
008 251113s9999||||xx |||||||||||||| ||eng||
040 _beng
040 _cIN-NITTTR
041 _aeng
082 _a150 N292T
100 _aNeel, Ann
245 0 _aTheories of psychology :
_b a handbook /
_cNeel, Ann
942 _2ddc
_cBK
999 _c8496
_d8496